000 00391nam a2200157Ia 4500
005 20250314024159.0
008 240331s9999 xx 000 0 und d
020 _a9558354120
082 _bGNA
_a894
100 _aGnanasekaran, T
245 0 _aGnanasekaran sirukathaikal
260 _aColombo
_bGnanam pathippakam
_c2005
300 _aXXII, 276 P .,
650 _aShort Stories
942 _cL
999 _c3965
_d3965